000
00409nam a2200145Ia 4500
008
100122s9999 xx 000 0 und d
082
_b
71718
_a
823.08
100
_a
सितूत शुभा
245
_a
ऋणानुबंध
260
_b
मधुरा प्रकाशन
_c
2007
300
_a
120
630
_a
ऋणानुबंध
730
_a
ऋणानुबंध
942
_c
BOOK
999
_c
442208
_d
442205